[Event "4NCL/Div1/BAR1 vs. SLOS1"]
[Site "Wokefield Park ENG"]
[Date "2007.03.03"]
[Round "7.7"]
[White "Rogers, Jonathan W"]
[Black "Ignacz, Maria"]
[Result "1/2-1/2"]
[WhiteElo "2360"]
[BlackElo "2219"]
[PlyCount "167"]
[EventDate "2007.03.03"]
[EventType "team"]
[EventRounds "11"]
[EventCountry "ENG"]
[WhiteTeam "Barbican 4NCL 1"]
[BlackTeam "Slough Sharks 1"]

1. d4 Nf6 2. c4 e6 3. Nf3 b6 4. Nc3 Bb7 5. g3 c5 6. d5 exd5 7. cxd5 d6 8. Bg2
g6 9. O-O Bg7 10. Nd2 O-O 11. Nc4 Ba6 12. Qb3 Bxc4 13. Qxc4 a6 14. a4 b5 15.
Qb3 b4 16. Nd1 a5 17. e4 Nbd7 18. Ne3 Re8 19. f3 Nb6 20. Rd1 Nfd7 21. Nc4 Nxc4
22. Qxc4 Bd4+ 23. Kh1 Qf6 24. f4 Qg7 25. Qc2 Nf6 26. Bf3 Rab8 27. e5 Nd7 28.
Rxd4 cxd4 29. Qc7 Nc5 30. exd6 Rec8 31. Qa7 f5 32. Qxg7+ Kxg7 33. Bd2 Nb3 34.
Rd1 Rc2 35. Be1 Rc1 36. Bf2 d3 37. Rxc1 Nxc1 38. d7 Rd8 39. Bd4+ Kf7 40. Bb6
Rxd7 41. Bxa5 b3 42. Kg2 Ra7 43. Bd2 Rxa4 44. Kf2 Ne2 45. Ke3 Nd4 46. Bg2 Nb5
47. Kxd3 Rd4+ 48. Ke3 Ke7 49. Bf3 Kd6 50. Bc3 Rc4 51. Be5+ Kc5 52. Bd1 Rc1 53.
Bxb3 Kb4 54. Kd2 Rh1 55. Bd1 Rxh2+ 56. Ke3 Kc5 57. Bf3 Rc2 58. d6 Nxd6 59. b4+
Kxb4 60. Bxd6+ Kc4 61. Bf8 Rc3+ 62. Kf2 Rc2+ 63. Kg1 Kd4 64. Bg7+ Ke3 65. Bg2
Rc7 66. Bf8 Rc8 67. Bh6 Rc1+ 68. Kh2 Kf2 69. Bg7 Ke3 70. Bd5 Rc7 71. Be5 Rc8
72. Kh3 Rd8 73. Bb7 Rd7 74. Bc6 Rd1 75. Kh4 Rc1 76. Ba8 Rc8 77. Bb7 Rd8 78. Bc7
Rd7 79. Bb6+ Kd2 80. Bc8 Rd3 81. Be6 Rd6 82. Ba5+ Ke3 83. Bg8 h6 84. Bc4
1/2-1/2

[Event "4NCL/Div1/BAR1 vs. SLOS1"]
[Site "Wokefield Park ENG"]
[Date "2007.03.03"]
[Round "7.8"]
[White "Rees, Ioan"]
[Black "Lauterbach, Ingrid"]
[Result "1-0"]
[WhiteElo "2268"]
[BlackElo "2130"]
[PlyCount "85"]
[EventDate "2007.03.03"]
[EventType "team"]
[EventRounds "11"]
[EventCountry "ENG"]
[WhiteTeam "Slough Sharks 1"]
[BlackTeam "Barbican 4NCL 1"]

1. d4 d5 2. Nf3 Nf6 3. c4 c6 4. Nc3 a6 5. e3 b5 6. b3 Bg4 7. h3 Bxf3 8. gxf3 e6
9. Bd2 Nbd7 10. f4 dxc4 11. bxc4 b4 12. Ne2 Ne4 13. Bg2 Nxd2 14. Qxd2 Qc7 15.
O-O Be7 16. c5 a5 17. a3 bxa3 18. Rxa3 O-O 19. Rfa1 Bd8 20. Nc1 Qb7 21. Nb3 a4
22. Nc1 Bf6 23. Rxa4 Rxa4 24. Rxa4 Qb1 25. Rb4 Qa1 26. Bxc6 Nxc5 27. Kh2 Qa6
28. Bb5 Qd6 29. Rb2 Ne4 30. Qc2 Qa3 31. Rb3 Qa5 32. Qxe4 Qd2 33. Nd3 g6 34. Rb2
Qc3 35. Qc6 Qa3 36. Qc5 Qa1 37. Qc1 Qa5 38. Ne5 Rb8 39. Be2 Rd8 40. Bf3 Bxe5
41. fxe5 f6 42. Qc4 Re8 43. exf6 1-0

[Event "4NCL/Div1/AD vs. HKF1"]
[Site "Wokefield Park ENG"]
[Date "2007.03.03"]
[Round "7.1"]
[White "Chandler, Murray G"]
[Black "Wells, Peter K"]
[Result "1/2-1/2"]
[WhiteElo "2548"]
[BlackElo "2501"]
[PlyCount "103"]
[EventDate "2007.03.03"]
[EventType "team"]
[EventRounds "11"]
[EventCountry "ENG"]
[WhiteTeam "The ADs"]
[BlackTeam "H Kingfisher 1"]

1. e4 c5 2. Nf3 Nc6 3. d4 cxd4 4. Nxd4 Nf6 5. Nc3 d6 6. Bg5 e6 7. Qd2 a6 8.
O-O-O Bd7 9. f3 Be7 10. h4 h6 11. Be3 h5 12. Bg5 Rc8 13. Nxc6 Bxc6 14. Kb1 Qb6
15. Bd3 d5 16. exd5 Ba3 17. b3 Nxd5 18. Nxd5 Bxd5 19. c4 Bc6 20. Bc2 Bb4 21.
Qd3 a5 22. Be3 Bc5 23. Bxc5 Qxc5 24. Rhe1 Ke7 25. Qc3 Rcd8 26. Rxd8 Rxd8 27.
Qxg7 Qf2 28. Qg5+ Ke8 29. Qg8+ Ke7 30. Qg5+ Ke8 31. Qxa5 Rd2 32. Rd1 Rxd1+ 33.
Bxd1 Qxg2 34. Qxh5 Qg1 35. Kc2 Qf2+ 36. Kd3 Qxa2 37. Qh8+ Ke7 38. Qe5 Qb1+ 39.
Kd2 Qa2+ 40. Ke3 Qb1 41. Qc5+ Ke8 42. Qd4 Qf5 43. Kf2 e5 44. Qe3 f6 45. Ke1 Qh7
46. Qf2 Qh6 47. Qg3 Qe3+ 48. Be2 Qxb3 49. Qg8+ Ke7 50. Qg7+ Ke6 51. Qg8+ Ke7
52. Qg7+ 1/2-1/2

[Event "4NCL/Div1/AD vs. HKF1"]
[Site "Wokefield Park ENG"]
[Date "2007.03.03"]
[Round "7.2"]
[White "Gormally, Daniel W"]
[Black "Mestel, A Jonathan"]
[Result "1-0"]
[WhiteElo "2535"]
[BlackElo "2478"]
[PlyCount "63"]
[EventDate "2007.03.03"]
[EventType "team"]
[EventRounds "11"]
[EventCountry "ENG"]
[WhiteTeam "H Kingfisher 1"]
[BlackTeam "The ADs"]

1. d4 d6 2. e4 g6 3. Nc3 c6 4. Be3 b5 5. Qd2 Bb7 6. h4 Nf6 7. f3 h5 8. O-O-O
Nbd7 9. Nh3 Bg7 10. Kb1 b4 11. Ne2 a5 12. Nef4 e5 13. dxe5 dxe5 14. Nd3 Qe7 15.
Qf2 O-O 16. Nc5 Bc8 17. Nxd7 Nxd7 18. Bc4 Ba6 19. Qe2 Bxc4 20. Qxc4 Rfc8 21.
Ng5 Rc7 22. Rd2 c5 23. Rhd1 Raa7 24. Rd6 Bf6 25. g4 hxg4 26. fxg4 Kg7 27. Rf1
Rab7 28. Qa6 Nb8 29. Qd3 Rd7 30. Rd5 Rxd5 31. exd5 e4 32. Nxe4 1-0

[Event "4NCL/Div1/AD vs. HKF1"]
[Site "Wokefield Park ENG"]
[Date "2007.03.03"]
[Round "7.3"]
[White "Jirka, Jiri"]
[Black "Hanley, Craig A"]
[Result "1-0"]
[WhiteElo "2360"]
[BlackElo "2435"]
[PlyCount "79"]
[EventDate "2007.03.03"]
[EventType "team"]
[EventRounds "11"]
[EventCountry "ENG"]
[WhiteTeam "The ADs"]
[BlackTeam "H Kingfisher 1"]

1. d4 Nf6 2. c4 e6 3. g3 c5 4. d5 exd5 5. cxd5 b5 6. f3 c4 7. a4 Qa5+ 8. Bd2 b4
9. e4 Ba6 10. Qc1 Bc5 11. Bxc4 O-O 12. Ne2 Rc8 13. Na3 Bb6 14. Nb5 Bxb5 15.
axb5 Rxc4 16. Qxc4 Qxa1+ 17. Nc1 Na6 18. bxa6 Qxb2 19. Ke2 Qd4 20. Qxd4 Bxd4
21. Nb3 Be5 22. Rc1 h5 23. Kd3 Rb8 24. f4 Bc3 25. Bxc3 bxc3 26. Rxc3 Rb4 27.
Nc5 d6 28. Nb7 Rxe4 29. Rc8+ Kh7 30. Rc6 Ra4 31. Rxd6 h4 32. Nc5 Ra3+ 33. Kd4
Ng4 34. gxh4 Ne3 35. Rd7 Kg6 36. Rxa7 Nf5+ 37. Kc4 Ra2 38. Kb3 Ra1 39. Rd7 Ne3
40. a7 1-0

[Event "4NCL/Div1/AD vs. HKF1"]
[Site "Wokefield Park ENG"]
[Date "2007.03.03"]
[Round "7.4"]
[White "Williams, Simon K"]
[Black "Cernousek, Lukas"]
[Result "1/2-1/2"]
[WhiteElo "2483"]
[BlackElo "2397"]
[PlyCount "160"]
[EventDate "2007.03.03"]
[EventType "team"]
[EventRounds "11"]
[EventCountry "ENG"]
[WhiteTeam "H Kingfisher 1"]
[BlackTeam "The ADs"]

1. d4 Nf6 2. c4 g6 3. Nc3 d5 4. h4 c6 5. Nh3 dxc4 6. e4 e5 7. Bxc4 b5 8. Bxf7+
Kxf7 9. Qb3+ Kg7 10. dxe5 Ng4 11. h5 Bc5 12. h6+ Kf8 13. Ng5 Nxe5 14. O-O Qe7
15. Bf4 Nf7 16. Nxf7 Qxf7 17. Qd1 Ke8 18. Be3 Be7 19. e5 Be6 20. Qd4 Rf8 21.
Rad1 Nd7 22. Ne4 Bd5 23. Bg5 Qe6 24. Nd6+ Kd8 25. Bxe7+ Qxe7 26. f4 Qe6 27. b3
Qg4 28. Rd2 g5 29. Nxb5 Rxf4 30. Rxf4 Qxf4 31. Qxf4 gxf4 32. Nc3 Nb6 33. a4 a5
34. Kf2 Ke7 35. Ne2 Rf8 36. Rd4 f3 37. gxf3 Rxf3+ 38. Ke1 Rxb3 39. Rg4 Kd8 40.
Rg7 Be4 41. Nd4 Rb4 42. Ne6+ Kc8 43. Rg8+ Kb7 44. Nc5+ Ka7 45. Rg7+ Kb8 46.
Na6+ Kc8 47. Nxb4 axb4 48. Rg4 Bd5 49. Rxb4 Nc4 50. a5 Nxe5 51. Kd2 Nc4+ 52.
Kc3 Nxa5 53. Rg4 Nb7 54. Rg7 Be4 55. Kd4 Bb1 56. Ke5 c5 57. Kd5 Kb8 58. Re7 Ka7
59. Kc6 Ka6 60. Re1 Ba2 61. Ra1 Na5+ 62. Kd6 Kb5 63. Rxa2 c4 64. Ke5 Nc6+ 65.
Kf6 c3 66. Kg7 Ne5 67. Rf2 Kc4 68. Kxh7 Kb3 69. Kg7 Ng4 70. h7 Nxf2 71. h8=Q c2
72. Qb8+ Kc3 73. Qe5+ Kd2 74. Qf4+ Kd1 75. Qf3+ Kd2 76. Qxf2+ Kc3 77. Qf6+ Kd2
78. Qd4+ Kc1 79. Qa1+ Kd2 80. Qb2 Kd1 1/2-1/2

[Event "4NCL/Div1/AD vs. HKF1"]
[Site "Wokefield Park ENG"]
[Date "2007.03.03"]
[Round "7.5"]
[White "Richardson, John R"]
[Black "Greet, Andrew N"]
[Result "0-1"]
[WhiteElo "2312"]
[BlackElo "2425"]
[PlyCount "90"]
[EventDate "2007.03.03"]
[EventType "team"]
[EventRounds "11"]
[EventCountry "ENG"]
[WhiteTeam "The ADs"]
[BlackTeam "H Kingfisher 1"]

1. d4 Nf6 2. c4 e6 3. Nc3 Bb4 4. e3 c5 5. Bd3 Nc6 6. Nf3 Bxc3+ 7. bxc3 d6 8. e4
e5 9. h3 h6 10. O-O g5 11. Be3 b6 12. Nh2 Qe7 13. Re1 Bd7 14. Nf1 g4 15. h4 Nh5
16. g3 exd4 17. cxd4 cxd4 18. Bc1 Ng7 19. Nh2 h5 20. a4 Ne6 21. a5 bxa5 22. Ba3
Ne5 23. Bf1 f6 24. Rb1 Kf7 25. Qd2 a4 26. Rb7 Nc5 27. Rb2 d3 28. Bxc5 dxc5 29.
Bxd3 Qd6 30. Be2 Qxd2 31. Rxd2 Bc6 32. f3 Rhg8 33. f4 Nd7 34. Rd6 Rac8 35. Bf1
Rge8 36. Bg2 Re6 37. Rxe6 Kxe6 38. Nf1 Rb8 39. Ne3 Rb2 40. Nd5 a3 41. Ra1 Rb3
42. Kh2 Bxd5 43. exd5+ Kd6 44. Bf1 Rb2+ 45. Kg1 a2 0-1

[Event "4NCL/Div1/AD vs. HKF1"]
[Site "Wokefield Park ENG"]
[Date "2007.03.03"]
[Round "7.6"]
[White "Baker, Chris W"]
[Black "Snape, Ian"]
[Result "1/2-1/2"]
[WhiteElo "2354"]
[BlackElo "2235"]
[PlyCount "125"]
[EventDate "2007.03.03"]
[EventType "team"]
[EventRounds "11"]
[EventCountry "ENG"]
[WhiteTeam "H Kingfisher 1"]
[BlackTeam "The ADs"]

1. e4 c5 2. Nc3 g6 3. d4 Bg7 4. dxc5 Bxc3+ 5. bxc3 Qa5 6. Ne2 Nc6 7. Be3 Nf6 8.
f3 b6 9. cxb6 axb6 10. Qb1 Rb8 11. Qb3 O-O 12. Nd4 Nxd4 13. Bxd4 d6 14. Bb5 Ba6
15. Bxa6 Qxa6 16. Kf2 Nd7 17. a4 Nc5 18. Qb5 Qxb5 19. axb5 Rfc8 20. Rhd1 Ne6
21. Ra7 Nxd4 22. Rxd4 Rxc3 23. Rxe7 Rxc2+ 24. Kg3 Rc5 25. Rxd6 Rxb5 26. Rdd7
Rg5+ 27. Kf2 Rf8 28. e5 h5 29. e6 Rf5 30. Rb7 Rf6 31. Rxb6 Rxe6 32. Rbxe6 fxe6
33. Rxe6 Kf7 34. Rd6 Ra8 35. Ke3 Ra2 36. Rd2 Ra4 37. g3 Ke6 38. Rd4 Ra5 39. h3
Rb5 40. g4 hxg4 41. hxg4 g5 42. Rd8 Rb3+ 43. Ke4 Rb4+ 44. Ke3 Rb3+ 45. Kf2 Kf6
46. Rd6+ Kf7 47. Ke2 Ra3 48. Rd3 Ra4 49. Rd5 Kf6 50. Ke3 Ra3+ 51. Ke4 Ra4+ 52.
Rd4 Ra6 53. f4 gxf4 54. Kxf4 Rb6 55. Kg3 Kg5 56. Rd5+ Kg6 57. Kh4 Ra6 58. Rg5+
Kh6 59. Rg8 Kh7 60. Rf8 Kg7 61. Rf4 Rh6+ 62. Kg3 Ra6 63. Rb4 1/2-1/2

[Event "4NCL/Div1/AD vs. HKF1"]
[Site "Wokefield Park ENG"]
[Date "2007.03.03"]
[Round "7.7"]
[White "Anderton, David"]
[Black "Cooper, Lawrence"]
[Result "1/2-1/2"]
[WhiteElo "2254"]
[BlackElo "2307"]
[PlyCount "20"]
[EventDate "2007.03.03"]
[EventType "team"]
[EventRounds "11"]
[EventCountry "ENG"]
[WhiteTeam "The ADs"]
[BlackTeam "H Kingfisher 1"]

1. d4 Nf6 2. c4 e6 3. Nc3 Bb4 4. Qc2 d5 5. cxd5 Qxd5 6. e3 c5 7. Bd2 Bxc3 8.
Bxc3 cxd4 9. Bxd4 Nc6 10. Bc3 O-O 1/2-1/2

[Event "4NCL/Div1/AD vs. HKF1"]
[Site "Wokefield Park ENG"]
[Date "2007.03.03"]
[Round "7.8"]
[White "Richards, Heather"]
[Black "Bellin, Jana"]
[Result "1/2-1/2"]
[WhiteElo "2220"]
[BlackElo "2142"]
[PlyCount "155"]
[EventDate "2007.03.03"]
[EventType "team"]
[EventRounds "11"]
[EventCountry "ENG"]
[WhiteTeam "H Kingfisher 1"]
[BlackTeam "The ADs"]

1. e4 c5 2. c3 d5 3. exd5 Qxd5 4. d4 Nf6 5. Nf3 Nc6 6. Be3 cxd4 7. cxd4 e6 8.
Nc3 Qd6 9. a3 Be7 10. Bd3 O-O 11. O-O b6 12. Qe2 Bb7 13. Rad1 Rac8 14. Bb1 Rfd8
15. Rfe1 g6 16. Bg5 Nd5 17. Nxd5 Bxg5 18. Nxg5 Qxd5 19. Qg4 Ne7 20. Re5 Qxd4
21. Qxd4 Rxd4 22. Rde1 Rcd8 23. Bc2 Rd2 24. Bb3 Bd5 25. Bxd5 R8xd5 26. Rxd5
Nxd5 27. Rb1 Nf4 28. Nf3 Rc2 29. Nd4 Ne2+ 30. Nxe2 Rxe2 31. g3 Rc2 32. Kg2 h5
33. h4 Kg7 34. Kf3 Kf6 35. Ke3 Kf5 36. Rd1 Rxb2 37. Rd7 Rb3+ 38. Kd4 e5+ 39.
Kc4 Rxa3 40. Rxf7+ Ke6 41. Rf8 Ke7 42. Rb8 Ra5 43. Rg8 Kf7 44. Ra8 Rc5+ 45. Kd3
a5 46. Ke4 Ke6 47. f3 Rc4+ 48. Kd3 Rb4 49. Kc3 e4 50. f4 Kf5 51. Rf8+ Kg4 52.
Rg8 Kxg3 53. f5 e3 54. Kd3 Kf2 55. fxg6 Rg4 56. Rf8+ Kg3 57. Rf6 Kxh4 58. Kxe3
Kg3 59. Rxb6 h4 60. Rb1 Kg2 61. Rb2+ Kg3 62. Rb1 Kh2 63. Rb2+ Kh3 64. Rb6 a4
65. Kf2 Kh2 66. Kf3 Kh3 67. Kf2 Rg3 68. Ra6 a3 69. g7 Rxg7 70. Rxa3+ Rg3 71.
Rf3 Kh2 72. Rf4 h3 73. Rf6 Rg2+ 74. Kf1 Rg1+ 75. Kf2 Ra1 76. Rg6 Ra2+ 77. Kf1
Rg2 78. Rf6 1/2-1/2

[Event "4NCL/Div1/GUI2 vs. BRI1"]
[Site "Wokefield Park ENG"]
[Date "2007.03.03"]
[Round "7.1"]
[White "Howell, David W L"]
[Black "Cobb, Charles"]
[Result "1-0"]
[WhiteElo "2501"]
[BlackElo "2405"]
[PlyCount "111"]
[EventDate "2007.03.03"]
[EventType "team"]
[EventRounds "11"]
[EventCountry "ENG"]
[WhiteTeam "Guildford-ADC 2"]
[BlackTeam "Bristol 1"]

1. e4 e6 2. d4 d5 3. Nd2 Nf6 4. e5 Nfd7 5. f4 c5 6. c3 Nc6 7. Ndf3 cxd4 8. cxd4
f5 9. Bd3 Be7 10. Ne2 O-O 11. Rg1 Nb6 12. g4 Bd7 13. Kf2 a5 14. a3 a4 15. Nc3
Na5 16. Be3 Nac4 17. Qe2 Be8 18. gxf5 exf5 19. Ng5 Qd7 20. Rg2 h6 21. Nh3 Rc8
22. Rag1 Bh4+ 23. Kf1 Nxe3+ 24. Qxe3 Rc7 25. Qf3 Qe6 26. Nf2 Bxf2 27. Kxf2 Kh7
28. Rg3 Re7 29. Qg2 g6 30. h4 Rg7 31. h5 Rfg8 32. Ke1 Bd7 33. Nd1 Nc8 34. Ne3
Ne7 35. Qh3 gxh5 36. Rxg7+ Rxg7 37. Rxg7+ Kxg7 38. Qxh5 Qg6 39. Qh4 Qe6 40.
Qg3+ Qg6 41. Qh4 Kf7 42. Be2 Qe6 43. Bh5+ Kg7 44. Bf3 Qf7 45. Nf1 Kh7 46. Kd2
Be6 47. Ke3 Nc6 48. Ng3 Na5 49. Nh5 Nc4+ 50. Ke2 Qg6 51. Qd8 Qg1 52. Qe7+ Kh8
53. Qf8+ Bg8 54. Qxh6+ Bh7 55. Qf6+ Kg8 56. Bxd5# 1-0

[Event "4NCL/Div1/GUI2 vs. BRI1"]
[Site "Wokefield Park ENG"]
[Date "2007.03.03"]
[Round "7.2"]
[White "Berzinsh, Roland"]
[Black "Cherniaev, Alexander"]
[Result "1/2-1/2"]
[WhiteElo "2438"]
[BlackElo "2473"]
[PlyCount "22"]
[EventDate "2007.03.03"]
[EventType "team"]
[EventRounds "11"]
[EventCountry "ENG"]
[WhiteTeam "Bristol 1"]
[BlackTeam "Guildford-ADC 2"]

1. e4 c5 2. Nc3 Nc6 3. Nf3 Nf6 4. d4 cxd4 5. Nxd4 e5 6. Ndb5 d6 7. Bg5 a6 8.
Na3 b5 9. Nd5 Qa5+ 10. Bd2 Qd8 11. Bg5 Qa5+ 1/2-1/2

[Event "4NCL/Div1/GUI2 vs. BRI1"]
[Site "Wokefield Park ENG"]
[Date "2007.03.03"]
[Round "7.3"]
[White "Plaskett, James"]
[Black "Beaumont, Chris"]
[Result "1/2-1/2"]
[WhiteElo "2492"]
[BlackElo "2314"]
[PlyCount "93"]
[EventDate "2007.03.03"]
[EventType "team"]
[EventRounds "11"]
[EventCountry "ENG"]
[WhiteTeam "Guildford-ADC 2"]
[BlackTeam "Bristol 1"]

1. e4 c5 2. Nf3 g6 3. Bc4 Bg7 4. O-O Nc6 5. Re1 d6 6. c3 Nf6 7. Bb3 O-O 8. h3
e5 9. d4 exd4 10. cxd4 Nxd4 11. Nxd4 cxd4 12. Qxd4 Re8 13. Nc3 Be6 14. Bxe6
Rxe6 15. Qd3 Qa5 16. Bd2 Qh5 17. Nd5 Nxd5 18. exd5 Rxe1+ 19. Rxe1 Bxb2 20. Bf4
Be5 21. Bxe5 dxe5 22. d6 Rd8 23. Qd5 Qg5 24. d7 Qe7 25. Rd1 b6 26. Qb7 e4 27.
Kh1 e3 28. fxe3 Qxe3 29. Qc7 Qe7 30. Qxa7 b5 31. Qc7 b4 32. Kh2 Kg7 33. Rd4 h5
34. Rd5 Kg8 35. Qa7 Qf6 36. Qc7 Qe7 37. Qc4 h4 38. Qd4 Qe1 39. Qf4 Qe7 40. Qc7
Kg7 41. Qf4 Kg8 42. Qd2 Kg7 43. Rd4 g5 44. Rd5 f6 45. Qd4 Kg6 46. Qd3+ Kg7 47.
Qd4 1/2-1/2

[Event "4NCL/Div1/GUI2 vs. BRI1"]
[Site "Wokefield Park ENG"]
[Date "2007.03.03"]
[Round "7.4"]
[White "Rudd, Jack"]
[Black "Wallace, John P"]
[Result "1-0"]
[WhiteElo "2359"]
[BlackElo "2417"]
[PlyCount "67"]
[EventDate "2007.03.03"]
[EventType "team"]
[EventRounds "11"]
[EventCountry "ENG"]
[WhiteTeam "Bristol 1"]
[BlackTeam "Guildford-ADC 2"]

1. e4 e5 2. d4 exd4 3. Qxd4 Nc6 4. Qe3 b6 5. Nc3 Bb7 6. Bd2 Nf6 7. O-O-O Bc5 8.
Qg3 O-O 9. f4 d5 10. e5 Ne4 11. Nxe4 dxe4 12. Bc3 Qe7 13. e6 fxe6 14. Bc4 Rad8
15. Bxe6+ Kh8 16. Ne2 Ba6 17. Rde1 Bb4 18. f5 Bxe2 19. Rxe2 Bxc3 20. bxc3 Qa3+
21. Kb1 Rd6 22. Rxe4 Nd8 23. Bb3 Qc5 24. Re5 Qa3 25. Re7 Rd1+ 26. Rxd1 Qxe7 27.
Re1 Qc5 28. Qe5 Qf2 29. Rd1 Nc6 30. Qxc7 Qxg2 31. Rd6 Na5 32. Rd8 Qf1+ 33. Kb2
Qxf5 34. Qe7 1-0

[Event "4NCL/Div1/GUI2 vs. BRI1"]
[Site "Wokefield Park ENG"]
[Date "2007.03.03"]
[Round "7.6"]
[White "Sherwin, James T"]
[Black "Povah, Nigel E"]
[Result "0-1"]
[WhiteElo "2249"]
[BlackElo "2350"]
[PlyCount "76"]
[EventDate "2007.03.03"]
[EventType "team"]
[EventRounds "11"]
[EventCountry "ENG"]
[WhiteTeam "Bristol 1"]
[BlackTeam "Guildford-ADC 2"]

1. d4 Nf6 2. c4 e6 3. Nf3 c5 4. d5 exd5 5. cxd5 d6 6. Nc3 g6 7. e4 Bg7 8. Be2
a6 9. a4 Bg4 10. O-O Bxf3 11. Bxf3 O-O 12. Bf4 Qe7 13. e5 dxe5 14. d6 Qe6 15.
Re1 Nbd7 16. Bxb7 Ra7 17. Bf3 Rb8 18. a5 Rxb2 19. Na4 Rb5 20. Nb6 e4 21. Ra4
Nxb6 22. axb6 Rxb6 23. Bxe4 Rb4 24. Rxb4 cxb4 25. Bc6 Qc4 26. Be3 Qxc6 27. Bxa7
Bf8 28. Bb8 a5 29. Qd4 Nd7 30. Bc7 Qb5 31. h3 b3 32. Qb2 a4 33. Re8 Qb4 34. Ra8
Qc4 35. Qa3 Qc2 36. Qxa4 Qc1+ 37. Kh2 b2 38. Rb8 Nxb8 0-1

[Event "4NCL/Div1/GUI2 vs. BRI1"]
[Site "Wokefield Park ENG"]
[Date "2007.03.03"]
[Round "7.7"]
[White "Lalic, Susan"]
[Black "Collier, David O"]
[Result "1-0"]
[WhiteElo "2348"]
[BlackElo "2149"]
[PlyCount "87"]
[EventDate "2007.03.03"]
[EventType "team"]
[EventRounds "11"]
[EventCountry "ENG"]
[WhiteTeam "Guildford-ADC 2"]
[BlackTeam "Bristol 1"]

1. e4 e6 2. d4 d5 3. exd5 exd5 4. c4 Nf6 5. Nf3 Bb4+ 6. Nc3 O-O 7. Bg5 Qe8+ 8.
Be2 Ne4 9. Bd2 Nxd2 10. Qxd2 dxc4 11. O-O Bg4 12. Rfe1 Qc8 13. Ne5 Bxe2 14.
Qxe2 Nd7 15. Qxc4 Nxe5 16. dxe5 Bxc3 17. Qxc3 c6 18. Qb3 Re8 19. Re3 Qc7 20.
Rd1 Re7 21. e6 Rf8 22. exf7+ Rexf7 23. Rf3 g6 24. h4 Kg7 25. Qc3+ Kg8 26. Qc4
Kg7 27. Qd4+ Kg8 28. Rxf7 Rxf7 29. Qxa7 c5 30. Qa4 Qe5 31. Qc2 b5 32. b3 Rf4
33. g3 Re4 34. a4 Re2 35. Qd3 Re1+ 36. Rxe1 Qxe1+ 37. Kg2 bxa4 38. Qc4+ Kg7 39.
Qxa4 Qe5 40. Qc4 h5 41. Qd3 Kh7 42. Qe3 Qd5+ 43. Qf3 Qe5 44. Qf7+ 1-0

[Event "4NCL/Div1/GUI2 vs. BRI1"]
[Site "Wokefield Park ENG"]
[Date "2007.03.03"]
[Round "7.8"]
[White "James, Ann-Marie"]
[Black "Richardson, Keith B"]
[Result "0-1"]
[WhiteElo "2063"]
[BlackElo "2250"]
[PlyCount "134"]
[EventDate "2007.03.03"]
[EventType "team"]
[EventRounds "11"]
[EventCountry "ENG"]
[WhiteTeam "Bristol 1"]
[BlackTeam "Guildford-ADC 2"]

1. e4 g6 2. d4 Bg7 3. Nf3 d6 4. Nc3 Nc6 5. Be2 Nf6 6. O-O O-O 7. d5 Nb8 8. Re1
c6 9. h3 a6 10. dxc6 Nxc6 11. a4 Be6 12. Be3 Rc8 13. Nd4 Bd7 14. Nxc6 Bxc6 15.
Bf3 Qa5 16. Ra3 Rfd8 17. b4 Qxb4 18. Rb3 Qc4 19. Qd3 Qxd3 20. cxd3 e6 21. g4 d5
22. Bb6 Re8 23. g5 Nd7 24. exd5 exd5 25. Rxe8+ Rxe8 26. Nxd5 Nxb6 27. Rxb6 Kf8
28. Be4 Re5 29. Nb4 Rxg5+ 30. Kf1 Bxe4 31. dxe4 Ra5 32. Rxb7 Rxa4 33. Rb8+ Ke7
34. Rb6 Bh6 35. Ke2 a5 36. Nd5+ Kf8 37. Nc3 Ra3 38. Nb5 Rxh3 39. Ra6 Rh4 40.
Kd3 Rf4 41. Rxa5 Rxf2 42. Ra8+ Kg7 43. Nd4 Rd2+ 44. Kc4 Be3 45. Nf3 Rd7 46. Re8
h5 47. e5 Bf4 48. e6 fxe6 49. Rxe6 Rd6 50. Rxd6 Bxd6 51. Kd3 Kf6 52. Ke2 Bg3
53. Ng1 g5 54. Kf3 Be5 55. Kg2 g4 56. Nf3 Kf5 57. Nh4+ Kg5 58. Nf3+ Kf4 59. Ng1
Bc7 60. Nh3+ Kf5 61. Ng1 h4 62. Kh1 Bb6 63. Nh3 g3 64. Kg2 Kg4 65. Kh1 Bc5 66.
Kg2 Be3 67. Kh1 Kf3 0-1

[Event "4NCL/Div1/BET vs. 3CS1"]
[Site "Wokefield Park ENG"]
[Date "2007.03.03"]
[Round "7.1"]
[White "Pert, Richard G"]
[Black "Gordon, Stephen J"]
[Result "1/2-1/2"]
[WhiteElo "2450"]
[BlackElo "2486"]
[PlyCount "29"]
[EventDate "2007.03.03"]
[EventType "team"]
[EventRounds "11"]
[EventCountry "ENG"]
[WhiteTeam "Betsson.com"]
[BlackTeam "3Cs Oldham"]

1. d4 Nf6 2. c4 e6 3. Nf3 b6 4. Nc3 Bb7 5. Bg5 Be7 6. e3 Ne4 7. Bxe7 Qxe7 8.
Nxe4 Bxe4 9. Be2 O-O 10. O-O a5 11. Nd2 Bb7 12. Bf3 Bxf3 13. Nxf3 d6 14. Qa4
Qd7 15. Qc2 1/2-1/2

[Event "4NCL/Div1/BET vs. 3CS1"]
[Site "Wokefield Park ENG"]
[Date "2007.03.03"]
[Round "7.2"]
[White "Davies, Nigel R"]
[Black "Hunt, Adam C"]
[Result "1/2-1/2"]
[WhiteElo "2503"]
[BlackElo "2461"]
[PlyCount "47"]
[EventDate "2007.03.03"]
[EventType "team"]
[EventRounds "11"]
[EventCountry "ENG"]
[WhiteTeam "3Cs Oldham"]
[BlackTeam "Betsson.com"]

1. d4 Nf6 2. Nf3 g6 3. c4 Bg7 4. Nc3 d5 5. cxd5 Nxd5 6. Qb3 Nxc3 7. bxc3 O-O 8.
e3 b6 9. Be2 Bb7 10. O-O e6 11. a4 Nd7 12. a5 c5 13. axb6 axb6 14. Bb2 Qc7 15.
c4 Rfc8 16. Rfc1 Rxa1 17. Bxa1 cxd4 18. exd4 e5 19. Nxe5 Nxe5 20. dxe5 Bxe5 21.
Bxe5 Qxe5 22. Bf1 Rc6 23. Qb4 Qc5 24. Rb1 1/2-1/2

[Event "4NCL/Div1/BET vs. 3CS1"]
[Site "Wokefield Park ENG"]
[Date "2007.03.03"]
[Round "7.3"]
[White "Hunt, Harriet"]
[Black "Haslinger, Stewart G"]
[Result "1/2-1/2"]
[WhiteElo "2436"]
[BlackElo "2451"]
[PlyCount "118"]
[EventDate "2007.03.03"]
[EventType "team"]
[EventRounds "11"]
[EventCountry "ENG"]
[WhiteTeam "Betsson.com"]
[BlackTeam "3Cs Oldham"]

1. e4 e5 2. Nf3 d6 3. d4 exd4 4. Nxd4 Nf6 5. Nc3 Be7 6. Bf4 O-O 7. Be2 Re8 8.
O-O Nbd7 9. Qd2 Bf8 10. f3 c6 11. Rad1 Ne5 12. Kh1 Ng6 13. Be3 d5 14. Nb3 Be6
15. Nc5 Bxc5 16. Bxc5 b6 17. Bg1 dxe4 18. fxe4 Qxd2 19. Rxd2 Rad8 20. Rfd1 Rxd2
21. Rxd2 Bc8 22. a4 Nf8 23. Bf3 N8d7 24. b3 h6 25. a5 Kh7 26. axb6 axb6 27. h3
Re6 28. Bh2 Ne5 29. Be2 Nfd7 30. Kg1 g6 31. b4 Kg7 32. Na4 h5 33. c4 Kf6 34.
Nc3 Ke7 35. Ra2 Kd8 36. Ra7 Rd6 37. b5 cxb5 38. cxb5 Rd4 39. Kf2 f6 40. Ke3 Rd6
41. Nd5 Re6 42. Kd4 Rd6 43. g4 Nc5 44. Rh7 Bb7 45. gxh5 gxh5 46. Bxe5 fxe5+ 47.
Kc4 Nxe4 48. Rxb7 Nd2+ 49. Kb4 Rxd5 50. Rxb6 Rd4+ 51. Ka3 Nc4+ 52. Bxc4 Rxc4
53. Re6 Kc7 54. Rxe5 Rc3+ 55. Kb4 Rxh3 56. Kc5 Rc3+ 57. Kd4 Rh3 58. Kc5 Rc3+
59. Kd4 Rh3 1/2-1/2

[Event "4NCL/Div1/BET vs. 3CS1"]
[Site "Wokefield Park ENG"]
[Date "2007.03.03"]
[Round "7.4"]
[White "Arakhamia-Grant, Ketevan"]
[Black "Webb, Laurence E"]
[Result "1/2-1/2"]
[WhiteElo "2437"]
[BlackElo "2309"]
[PlyCount "104"]
[EventDate "2007.03.03"]
[EventType "team"]
[EventRounds "11"]
[EventCountry "ENG"]
[WhiteTeam "3Cs Oldham"]
[BlackTeam "Betsson.com"]

1. e4 e6 2. d4 d5 3. Nc3 Bb4 4. e5 c5 5. a3 Bxc3+ 6. bxc3 Qa5 7. Bd2 cxd4 8.
cxd4 Qa4 9. Qg4 Ne7 10. Bd3 h5 11. Qf4 b6 12. Ne2 Ba6 13. Nc3 Qd7 14. O-O Bxd3
15. cxd3 Nbc6 16. Ne2 Nf5 17. h3 Rc8 18. Rfc1 h4 19. Qg4 Nce7 20. Bg5 Ng6 21.
a4 Rxc1+ 22. Bxc1 O-O 23. g3 Rc8 24. gxh4 Nfxh4 25. Bg5 Nf5 26. h4 Kh7 27. Qh5+
Kg8 28. Qg4 Kh7 29. Ng3 Nxg3 30. fxg3 Ne7 31. Qf4 Rf8 32. Rf1 Ng6 33. Qe3 Ne7
34. g4 Ng8 35. Ra1 a6 36. h5 b5 37. axb5 axb5 38. Qd2 Rb8 39. Qb4 Qc6 40. Rc1
Qd7 41. Rf1 Ra8 42. Be3 Nh6 43. Bxh6 gxh6 44. Kg2 Rg8 45. Kg3 Qc7 46. Qc5 Qd7
47. Rf6 Qe8 48. Qc1 Rg5 49. Qc7 Rg7 50. Qc1 Rg5 51. Qc7 Rg7 52. Qc1 Rg5 1/2-1/2